| 000 | 00000nam##2200000za#4500 |
| 001 | 9.579372 |
| 003 | CaOODSP |
| 005 | 20210624190530 |
| 007 | cr ||||||||||| |
| 008 | 150406|2002||||xxc|||||o f|0| 0 eng|d |
| 040 | |aCaOODSP|beng |
| 043 | |an-cn--- |
| 086 | 1 |aEn40-778/2003E-PDF |
| 110 | 1 |aCanada. |bEnvironment Canada. |bEnvironmental Protection Service. |
| 245 | 12|aA guide to the New Substances Fees Regulations for the notification of chemicals and polymers, and other services : |h[electronic resource]|bpursuant to the New Substances Notification Regulations of the Canadian Environmental Protection Act, 1999 |
| 260 | |aOttawa - Ontario : |bEnvironment Canada. |cDecember 2002. |
| 300 | |a20p.|bglossary, tables |
| 490 | 1 |aEnvironmental Protection series. [Multistakeholder consultations]|vEPS M-484 |
| 500 | |aThe catalogue number (En40-778/2003) and ISBN (0-662-67100-7) for the bilingual print edition have been incorrectly copied in this electronic publication. |
| 590 | |a14-08-Supp|b2014-04-10 |
| 690 | 07|aEnvironmental protection|2gcpds |
| 690 | 07|aToxic substances|2gcpds |
| 775 | 08|tGuide relatif au Règlement sur les droits concernant les substances nouvelles pour la déclaration des substances chimiques et des polymères, ainsi que d'autres services : |w(CaOODSP)9.606854 |
| 830 | #0|aEnvironmental Protection series. [Multistakeholder consultations]|vEPS M-484|w(CaOODSP)9.504787 |
| 856 | 40|ahttp://publications.gc.ca|qPDF|s761 KB|uhttps://publications.gc.ca/collections/collection_2014/ec/En40-778-2003-eng.pdf|yEPS M-484 |